| 000 | 00696 a2200205 4500 | ||
|---|---|---|---|
| 999 |
_c5710 _d5710 |
||
| 020 | _a9780307275202 | ||
| 050 | 0 | 0 | _aSB63 MAA 2007 |
| 100 | 1 |
_aMaathai, Wangari. _eauthor |
|
| 245 | 1 | 0 |
_aUnbowed : _ba memoir / _cWangari Muta Maathai. |
| 250 | _a1st Anchor Books ed. | ||
| 264 |
_aNew York : _bAnchor Books, _c2007. |
||
| 300 |
_axvii, 326 p. : _bill. ; |
||
| 500 | _aOriginally published: New York : Alfred A. Knopf, 2006. | ||
| 500 | _aIncludes index. | ||
| 650 | 0 | _aTree planters (Persons) | |
| 650 | 0 | _aWomen conservationists | |
| 650 | 0 | _aWomen politicians | |
| 942 |
_2lcc _cBK _e1st Anchor Books ed. _h63 _iMAA _kSB |
||